| 000 | 01548nam a2200301 i 4500 | ||
|---|---|---|---|
| 001 | 43782 | ||
| 003 | ES-MaACL | ||
| 005 | 20250820063030.0 | ||
| 007 | t| | ||
| 008 | 030318e1888 sp |r 00110 spa | ||
| 080 | _a338(46)"18" | ||
| 100 | 1 |
_aCervigón y Lerín, Benito _eaut _937661 |
|
| 245 | 1 | 0 |
_aEstudio sobre la carestía de subsistencias : _bsu origen : sus consecuencias : medios de evitarla / _cpor D. Benito Cervigón y Lerín ; memoria premiada con accésit por la Real Academia de Ciencias Morales y Políticas en el concurso ordinario de 1884 |
| 260 |
_aMadrid : _b[s.n., _c1888] _f(Tip. de los Huérfanos) |
||
| 300 |
_a122 páginas ; _c27 cm |
||
| 500 | _aÍndice | ||
| 530 | _aDisponible en formato digital | ||
| 594 | _aEn página 7: "Tema: 'La carestía de las subsistencias: sus causas: sus efectos: medios de evitarla y de promover la baratura en el comercio de los artículos de primera necesidad'" | ||
| 651 | 4 |
_aEspaña- _xSituación económica- _yS.XIX _98504 |
|
| 710 | 2 |
_aReal Academia de Ciencias Morales y Políticas (España) _eisb _9222050 |
|
| 710 | 2 |
_aTipografía de los Huérfanos _eprm _9241930 |
|
| 852 | 4 |
_aES-MaACL _cDEPOF _j1641-F-10 |
|
| 852 | 4 |
_aES-MaACL _cADM _jF-M-III-O (VI) _xEn. en un vol. facticio _xPasta española, falto de cub. original |
|
| 856 | 4 |
_uhttps://bibliotecadigital.jcyl.es/es/consulta/registro.do?id=31739 _yVersión en línea _z(Biblioteca Digital de Castilla y León (BDCYL)) |
|
| 942 |
_2udc _cMONANT _n0 |
||
| 999 |
_c43782 _d43782 |
||